| 000 | 00676nam a22002417a 4500 | ||
|---|---|---|---|
| 003 | UA-OsUOA | ||
| 001 | 79225 | ||
| 007 | ta | ||
| 008 | 20111104b un ||||| |||| 00| 0 ukr d | ||
| 100 | _aПикуль В.С. | ||
| 090 |
_a821.161.1 _bП32 |
||
| 942 | _cBK | ||
| 040 |
_aUA-OsUOA _brus _cUA-OsUOA _dUA-OsUOA |
||
| 245 |
_aТри возраста Окини-сан _bСентиментальный роман |
||
| 300 | _a384 с. | ||
| 955 | _a3 | ||
| 041 | _arus | ||
| 080 | _a821.161.1 | ||
| 020 | _a5-270-01086-0 | ||
| 260 |
_aМ. _bСовременник _c1989 |
||
| 650 | 7 |
_a82 Література. Літературознавство _2UDC |
|
| 999 |
_c365542 _d365542 |
||